000 00234 a2200085 4500
020 _a9781856696203
100 _a Liz Farrelly and Olivia Triggs
245 _aFor Love and Money: New Illustration
260 _b Laurence King Publishing
_c2010
999 _c13403
_d13403